Statistiche per Riconosci la Squadra di calcio - Quiz n°317

Clicka qui per fare il quiz!

Statistiche generali

  • Questo quiz è stato fatto 5 volte
  • Il punteggio medio è 6 su 10

Statistiche sulle risposte

IndizioRisposta% Corretto
Titoli nazionali0
100%
Trofei nazionali2 Coppe di Francia
100%
Colori socialiRosso, nero
100%
SimboliTriscele
100%
Divisione nazionale 2023-2024Seconda
75%
ConfederazioneUEFA
50%
Capienza Stadio18 256 posti
25%
Fondazione1912
25%
Trofei internazionali1 Coppa Intertoto UEFA
25%
SquadraGuingamp
25%

Distribuzione punteggi

Percentile per numero di risposta

Percentuale di utenti per punteggio

I tuoi punteggi nel tempo

Non hai fatto questo quiz